|
|
|
|
| LEADER |
01899nam a2200361 u 4500 |
| 001 |
10009922 |
| 003 |
upatras |
| 005 |
20210117204226.0 |
| 008 |
881025s1993 us eng |
| 020 |
|
|
|a 0812114388
|
| 040 |
|
|
|a GR-PaULI
|c GR-PaULI
|
| 041 |
0 |
|
|a eng
|
| 082 |
0 |
4 |
|a 541.3
|
| 100 |
1 |
|
|a Martin, Alfred
|4 aut
|9 107161
|
| 245 |
1 |
0 |
|a Physical pharmacy
|b physical chemical principles in the pharmaceutical sciences
|c Alfred Martin; with the participation of Pilar Bustamante and with illustrations by A. H. C. Chun
|
| 250 |
|
|
|a 4th ed.
|
| 260 |
|
|
|a Philadelphia
|b Lea & Febiger
|c 1993
|
| 300 |
|
|
|a ix, 622 σ.
|b σχήμ. πίν.
|c 30 εκ.
|
| 504 |
|
|
|a Περιλαμβάνει ευρετήριο
|
| 650 |
|
4 |
|a Φαρμακοχημεία
|9 1032
|
| 650 |
|
4 |
|9 1053
|a Φυσικοχημεία
|
| 700 |
1 |
|
|a Chun, A. H. C.
|9 125559
|
| 852 |
|
|
|a GR-PaULI
|b ΠΑΤΡΑ
|b ΒΚΠ
|b ΒΣ1
|k ΑΣΧΞ
|h 541.3 MAR
|m 23728
|p 025000097936
|t 1
|
| 852 |
|
|
|a GR-PaULI
|b ΠΑΤΡΑ
|b ΒΚΠ
|b ΒΣ1
|k ΑΣΧΞ
|h 541.3 MAR
|m 23729
|p 025000097942
|t 2
|
| 852 |
|
|
|a GR-PaULI
|b ΠΑΤΡΑ
|b ΒΚΠ
|b ΒΣ1
|k ΑΣΧΞ
|h 541.3 MAR
|m 23730
|p 025000241365
|t 3
|
| 852 |
|
|
|a GR-PaULI
|b ΠΑΤΡΑ
|b ΒΚΠ
|b ΒΣ1
|k ΑΣΧΞ
|h 541.3 MAR
|m 23731
|p 025000112271
|t 4
|
| 852 |
|
|
|a GR-PaULI
|b ΠΑΤΡΑ
|b ΒΚΠ
|b ΒΣ1
|k ΑΣΧΞ
|h 541.3 MAR
|m 23732
|p 025000097935
|t 5
|
| 942 |
|
|
|2 ddc
|c BK15
|
| 952 |
|
|
|0 0
|1 0
|4 0
|6 541_300000000000000_MAR
|7 0
|9 138978
|a LISP
|b LISP
|c BSC
|d 2016-04-24
|i 23728
|l 0
|o 541.3 MAR
|p 025000097936
|r 2016-04-24 00:00:00
|t 1
|w 2016-04-24
|y BK15
|
| 952 |
|
|
|0 0
|1 0
|4 0
|6 541_300000000000000_MAR
|7 0
|9 138979
|a LISP
|b LISP
|c BSC
|d 2016-04-24
|i 23729
|l 0
|o 541.3 MAR
|p 025000097942
|r 2016-04-24 00:00:00
|t 2
|w 2016-04-24
|y BK15
|
| 952 |
|
|
|0 0
|1 0
|4 0
|6 541_300000000000000_MAR
|7 0
|9 138980
|a LISP
|b LISP
|c BSC
|d 2016-04-24
|i 23730
|l 0
|o 541.3 MAR
|p 025000241365
|r 2016-04-24 00:00:00
|t 3
|w 2016-04-24
|y BK15
|
| 998 |
|
|
|c ΒΑΣΙΛΕΙΟΥ
|d 2014-10
|
| 999 |
|
|
|c 90914
|d 90914
|